ARRUPE JESUIT UNIVERSITY

CORONAVIRUS -STOP THE SPREAD - CLEAN,DISINFECT,COVER

The making of a modern saint; (Record no. 120980)

MARC details
000 -LEADER
fixed length control field 00728cam a22002411 4500
001 - CONTROL NUMBER
control field 9866296
003 - CONTROL NUMBER IDENTIFIER
control field ARRUPE
005 - DATE AND TIME OF LATEST TRANSACTION
control field 20140925140757.0
008 - FIXED-LENGTH DATA ELEMENTS--GENERAL INFORMATION
fixed length control field 750521s1966 xx 000 0 eng
010 ## - LIBRARY OF CONGRESS CONTROL NUMBER
LC control number 65019923
035 ## - SYSTEM CONTROL NUMBER
System control number (OCoLC)1347744
040 ## - CATALOGING SOURCE
Original cataloging agency DLC
Transcribing agency FO
Modifying agency DLC
042 ## - AUTHENTICATION CODE
Authentication code premarc
050 00 - LIBRARY OF CONGRESS CALL NUMBER
Classification number BX4700.T5
Item number U5
300 ## - PHYSICAL DESCRIPTION
Other physical details port.
Dimensions 22 cm.
100 1# - MAIN ENTRY--PERSONAL NAME
Personal name Ulanov, Barry.
9 (RLIN) 11739
245 14 - TITLE STATEMENT
Title The making of a modern saint;
Remainder of title a biographical study of Thérése of Lisieux.
250 ## - EDITION STATEMENT
Edition statement [1st ed.]
260 ## - PUBLICATION, DISTRIBUTION, ETC. (IMPRINT)
Place of publication, distribution, etc Garden City, N.Y.,
Name of publisher, distributor, etc Doubleday,
Date of publication, distribution, etc 1966.
300 ## - PHYSICAL DESCRIPTION
Extent ix, 372 p.
600 00 - SUBJECT ADDED ENTRY--PERSONAL NAME
Personal name Thérèse,
Titles and other words associated with a name de Lisieux, Saint,
Dates associated with a name 1873-1897.
9 (RLIN) 11740
906 ## - LOCAL DATA ELEMENT F, LDF (RLIN)
a 7
b cbc
c oclcrpl
d u
e ncip
f 19
g y-gencatlg
942 ## - ADDED ENTRY ELEMENTS (KOHA)
Source of classification or shelving scheme Library of Congress Classification
Koha item type Monograph ( Printed materials)
Holdings
Withdrawn status Lost status Source of classification or shelving scheme Damaged status Not for loan Collection code Home library Current library Shelving location Date acquired Total Checkouts Full call number Barcode Date last seen Price effective from Koha item type
    Library of Congress Classification     Main Collection ARRUPE LIBRARY ARRUPE LIBRARY Main Collection 25/09/2014   BV5080.T54 U36 46500000262 24/01/2017 25/09/2014 Monograph ( Printed materials)

 

Arrupe Library. PO Box MP320 Mt Pleasant, Harare, Zimbabwe
263 242 745411|librarian@aju.ac.zw